[Event "TUR-chT 2nd League"]
[Site "Konya"]
[Date "2022.08.26"]
[Round "7.3"]
[White "Ay, Altug"]
[Black "Orhon, Bora"]
[Result "0-1"]
[WhiteElo "1333"]
[BlackElo "1698"]
[PlyCount "40"]
[EventDate "2022.08.22"]
[EventType "team-swiss"]
[EventRounds "9"]
[EventCountry "TUR"]
[SourceTitle "CBM 210 Extra"]
[Source "ChessBase"]
[SourceDate "2022.11.30"]
[SourceVersion "1"]
[SourceVersionDate "2022.11.30"]
[SourceQuality "1"]
[WhiteTeam "Pamukkale Yonetimi"]
[BlackTeam "Ankara DSI Genclik"]
[WhiteTeamCountry "TUR"]
[BlackTeamCountry "TUR"]

1. d4 d5 2. Bf4 Nf6 3. e3 c5 4. c3 Nc6 5. Nd2 cxd4 6. exd4 g6 7. Bd3 Bg7 8. Ngf3 0-0 9. 0-0 Nh5 10. Bg5 f6 11. Bh4 Qc7 12. Qb3 Kh8 13. Rfe1 e5 14. dxe5 fxe5 15. Be2 e4 16. Nd4 Nxd4 17. cxd4 Qf4 18. Qxd5 Qxh4 19. Nxe4 Nf4 20. Qb5 Nxg2 0-1

[Event "Ankara Ipek Memorial 8th"]
[Site "Ankara"]
[Date "2020.03.07"]
[Round "3"]
[White "Ozates, Mert"]
[Black "Orhon, Bora"]
[Result "1-0"]
[WhiteElo "1810"]
[BlackElo "1460"]
[PlyCount "93"]
[EventDate "2020.03.04"]
[EventType "swiss"]
[EventRounds "7"]
[EventCountry "TUR"]
[SourceTitle "CBM 195 Extra"]
[Source "ChessBase"]
[SourceDate "2020.05.31"]
[SourceVersion "1"]
[SourceVersionDate "2020.05.31"]
[SourceQuality "1"]

1. Nf3 d5 2. b3 Nf6 3. Bb2 e6 4. e3 c5 5. c4 Nc6 6. cxd5 exd5 7. Be2 Be7 8. 0-0 0-0 9. d4 h6 10. Nc3 Bf5 11. dxc5 Bxc5 12. Rc1 Be7 13. Nd4 Bh7 14. Na4 Rc8 15. Nxc6 bxc6 16. Qd4 Qc7 17. Ba6 Rb8 18. Bd3 Bxd3 19. Qxd3 Rfe8 20. Rc2 Ng4 21. g3 Bd6 22. Rfc1 Rbc8 23. Rxc6 Qxc6 24. Rxc6 Rxc6 25. Qxd5 Rec8 26. Qd4 Ne5 27. Kg2 f6 28. Qxa7 Rc2 29. Qd4 R8c6 30. b4 Nc4 31. b5 Rc8 32. Qd5+ Kh8 33. Bd4 Rd2 34. Qe6 Rc7 35. b6 Nxb6 36. Nxb6 Rcc2 37. Qe8+ Kh7 38. Qe4+ Kh8 39. Qf3 Rxa2 40. Nc4 Rxf2+ 41. Qxf2 Rxf2+ 42. Kxf2 Be7 43. Kf3 Kh7 44. Nb6 Bd6 45. Nd5 Kg6 46. Nf4+ Kf7 47. Ke4 1-0